Incollable #30 - Découverte du monde - Statistiques

Statistiques générales
  • Ce quiz a été pris 470 fois
  • Le résultat moyen est 7 sur 9
Statistiques - réponses
Niveaux Questions Réponses % Correct
CP En France, quelle est la saison la plus chaude ? L’été
100%
CE1 Qu’est ce qui fait avancer un voilier ? Le vent
97%
CE2 Quelle partie du pied touche le sol en premier quand on marche ? Le talon
96%
CM1 On me prend au poignet ou dans le cou.J’indique le rythme cardiaque. Que suis-je ? Le pouls
81%
Lycée Quel lac africain porte le nom d’une reine d’Angleterre ? Le lac Victoria
73%
CM2 Quelle est la plus grande île de la Méditerranée ? La Sicile
67%
Collège Que représentent les 50 étoiles du drapeau américain ? Les 50 États de la fédération des États-Unis d’Amérique
67%
CE2 Comment appelle-t-on une catastrophe provoquée par le naufrage d’un pétrolier ? Une marée noire (c’est la couleur du pétrole)
67%
CM2 Qu’a inventé Galilée? La lunette astronomique (en 1609)
29%
Aucun quiz correspondant
Distribution des résultats
% des personnes avec chaque résultat
Percentile par nombre de réponses
Votre historique - résultats
Vous n’avez pas pris ce quiz